Every 100-Point NHL Season - Statistics

General Stats
  • This quiz has been taken 29 times
    14 since last reset
  • The average score is 249 of 326
Answer Stats
Year Team # of Points Answer % Correct
2005-06 Washington Capitals 106 Alex Ovechkin
100%
2008-09 Washington Capitals 110 Alex Ovechkin
100%
2009-10 Washington Capitals 109 Alex Ovechkin
100%
2007-08 Washington Capitals 112 Alex Ovechkin
100%
1969-70 Boston Bruins 120 Bobby Orr
100%
1974-75 Boston Bruins 135 Bobby Orr
100%
2016-17 Edmonton Oilers 100 Connor McDavid
100%
2017-18 Edmonton Oilers 108 Connor McDavid
100%
2020-21 Edmonton Oilers 105 Connor McDavid
100%
2021-22 Edmonton Oilers 123 Connor McDavid
100%
2022-23 Edmonton Oilers 153 Connor McDavid
100%
2025-26 Edmonton Oilers 138 Connor McDavid
100%
1997-98 Pittsburgh Penguins 102 Jaromír Jágr
100%
1998-99 Pittsburgh Penguins 127 Jaromír Jágr
100%
2000-01 Pittsburgh Penguins 121 Jaromír Jágr
100%
2005-06 San Jose Sharks 125 Joe Thornton
100%
1987-88 Pittsburgh Penguins 168 Mario Lemieux
100%
1988-89 Pittsburgh Penguins 199 Mario Lemieux
100%
1991-92 Pittsburgh Penguins 131 Mario Lemieux
100%
1992-93 Pittsburgh Penguins 160 Mario Lemieux
100%
1995-96 Pittsburgh Penguins 161 Mario Lemieux
100%
1996-97 Pittsburgh Penguins 122 Mario Lemieux
100%
1968-69 Chicago Blackhawks 107 Bobby Hull
100%
1970-71 Boston Bruins 139 Bobby Orr
100%
1971-72 Boston Bruins 117 Bobby Orr
100%
1972-73 Boston Bruins 101 Bobby Orr
100%
1973-74 Boston Bruins 122 Bobby Orr
100%
1968-69 Boston Bruins 126 Phil Esposito
100%
1970-71 Boston Bruins 152 Phil Esposito
100%
1971-72 Boston Bruins 133 Phil Esposito
100%
1972-73 Boston Bruins 130 Phil Esposito
100%
1973-74 Boston Bruins 145 Phil Esposito
100%
1989-90 St. Louis Blues 113 Brett Hull
100%
1990-91 St. Louis Blues 131 Brett Hull
100%
1991-92 St. Louis Blues 109 Brett Hull
100%
1992-93 St. Louis Blues 101 Brett Hull
100%
1979-80 Edmonton Oilers 137 Wayne Gretzky
100%
1980-81 Edmonton Oilers 164 Wayne Gretzky
100%
1981-82 Edmonton Oilers 212 Wayne Gretzky
100%
1982-83 Edmonton Oilers 196 Wayne Gretzky
100%
1983-84 Edmonton Oilers 205 Wayne Gretzky
100%
1984-85 Edmonton Oilers 208 Wayne Gretzky
100%
1985-86 Edmonton Oilers 215 Wayne Gretzky
100%
1986-87 Edmonton Oilers 183 Wayne Gretzky
100%
1989-90 Los Angeles Kings 142 Wayne Gretzky
100%
1990-91 Los Angeles Kings 163 Wayne Gretzky
100%
1993-94 Los Angeles Kings 130 Wayne Gretzky
100%
2018-19 Edmonton Oilers 116 Connor McDavid
100%
2023-24 Edmonton Oilers 132 Connor McDavid
100%
2024-25 Edmonton Oilers 100 Connor McDavid
100%
2022-23 Boston Bruins 113 David Pastrňák
100%
2023-24 Boston Bruins 110 David Pastrňák
100%
2024-25 Boston Bruins 106 David Pastrňák
100%
2025-26 Boston Bruins 100 David Pastrňák
100%
1968-69 Detroit Red Wings 103 Gordie Howe
100%
1995-96 Pittsburgh Penguins 149 Jaromír Jágr
100%
2005-06 New York Rangers 123 Jaromír Jágr
100%
1989-90 Québec Nordiques 102 Joe Sakic
100%
1990-91 Québec Nordiques 109 Joe Sakic
100%
1992-93 Québec Nordiques 105 Joe Sakic
100%
1995-96 Colorado Avalanche 120 Joe Sakic
100%
2000-01 Colorado Avalanche 118 Joe Sakic
100%
2006-07 Colorado Avalanche 100 Joe Sakic
100%
2002-03 Boston Bruins 101 Joe Thornton
100%
2006-07 San Jose Sharks 114 Joe Thornton
100%
1987-88 Los Angeles Kings 111 Luc Robitaille
100%
1989-90 Los Angeles Kings 101 Luc Robitaille
100%
1991-92 Los Angeles Kings 107 Luc Robitaille
100%
1992-93 Los Angeles Kings 125 Luc Robitaille
100%
1984-85 Pittsburgh Penguins 100 Mario Lemieux
100%
1985-86 Pittsburgh Penguins 141 Mario Lemieux
100%
1986-87 Pittsburgh Penguins 107 Mario Lemieux
100%
1989-90 Pittsburgh Penguins 123 Mario Lemieux
100%
1982-83 Edmonton Oilers 106 Mark Messier
100%
1983-84 Edmonton Oilers 101 Mark Messier
100%
1986-87 Edmonton Oilers 107 Mark Messier
100%
1987-88 Edmonton Oilers 111 Mark Messier
100%
1989-90 Edmonton Oilers 129 Mark Messier
100%
1991-92 New York Rangers 107 Mark Messier
100%
1974-75 Boston Bruins 127 Phil Esposito
100%
1987-88 Edmonton Oilers 149 Wayne Gretzky
100%
1988-89 Los Angeles Kings 168 Wayne Gretzky
100%
1991-92 Los Angeles Kings 121 Wayne Gretzky
100%
1995-96 Los Angeles Kings 102 Wayne Gretzky
100%
1978-79 New York Islanders 134 Bryan Trottier
89%
2010-11 Vancouver Canucks 104 Daniel Sedin
89%
2008-09 Pittsburgh Penguins 113 Evgeni Malkin
89%
2011-12 Pittsburgh Penguins 109 Evgeni Malkin
89%
1975-76 Montréal Canadiens 125 Guy Lafleur
89%
1976-77 Montréal Canadiens 136 Guy Lafleur
89%
1977-78 Montréal Canadiens 132 Guy Lafleur
89%
2009-10 Vancouver Canucks 112 Henrik Sedin
89%
2019-20 Edmonton Oilers 110 Leon Draisaitl
89%
1979-80 Los Angeles Kings 137 Marcel Dionne
89%
2018-19 Tampa Bay Lightning 128 Nikita Kucherov
89%
2023-24 Tampa Bay Lightning 144 Nikita Kucherov
89%
2024-25 Tampa Bay Lightning 121 Nikita Kucherov
89%
1972-73 Philadelphia Flyers 104 Bobby Clarke
89%
1974-75 Philadelphia Flyers 116 Bobby Clarke
89%
1975-76 Philadelphia Flyers 119 Bobby Clarke
89%
2015-16 Chicago Blackhawks 106 Patrick Kane
89%
1977-78 New York Islanders 123 Bryan Trottier
89%
1979-80 New York Islanders 104 Bryan Trottier
89%
1980-81 New York Islanders 103 Bryan Trottier
89%
1981-82 New York Islanders 129 Bryan Trottier
89%
1983-84 New York Islanders 111 Bryan Trottier
89%
2006-07 Pittsburgh Penguins 120 Sidney Crosby
89%
2013-14 Pittsburgh Penguins 104 Sidney Crosby
89%
2007-08 Pittsburgh Penguins 106 Evgeni Malkin
89%
1975-76 Buffalo Sabres 113 Gilbert Perreault
89%
1979-80 Buffalo Sabres 106 Gilbert Perreault
89%
1974-75 Montréal Canadiens 119 Guy Lafleur
89%
1978-79 Montréal Canadiens 129 Guy Lafleur
89%
1979-80 Montréal Canadiens 125 Guy Lafleur
89%
2018-19 Edmonton Oilers 105 Leon Draisaitl
89%
2021-22 Edmonton Oilers 110 Leon Draisaitl
89%
2022-23 Edmonton Oilers 128 Leon Draisaitl
89%
2023-24 Edmonton Oilers 106 Leon Draisaitl
89%
2024-25 Edmonton Oilers 106 Leon Draisaitl
89%
1974-75 Detroit Red Wings 121 Marcel Dionne
89%
1976-77 Los Angeles Kings 122 Marcel Dionne
89%
1978-79 Los Angeles Kings 130 Marcel Dionne
89%
1980-81 Los Angeles Kings 135 Marcel Dionne
89%
1981-82 Los Angeles Kings 117 Marcel Dionne
89%
1982-83 Los Angeles Kings 107 Marcel Dionne
89%
1984-85 Los Angeles Kings 126 Marcel Dionne
89%
2021-22 Calgary Flames 104 Matthew Tkachuk
89%
2022-23 Florida Panthers 109 Matthew Tkachuk
89%
2009-10 Washington Capitals 101 Nicklas Bäckström
89%
2017-18 Tampa Bay Lightning 100 Nikita Kucherov
89%
2022-23 Tampa Bay Lightning 113 Nikita Kucherov
89%
2025-26 Tampa Bay Lightning 130 Nikita Kucherov
89%
2018-19 Chicago Blackhawks 110 Patrick Kane
89%
1983-84 Edmonton Oilers 126 Paul Coffey
89%
1984-85 Edmonton Oilers 121 Paul Coffey
89%
1985-86 Edmonton Oilers 138 Paul Coffey
89%
1988-89 Pittsburgh Penguins 113 Paul Coffey
89%
1989-90 Pittsburgh Penguins 103 Paul Coffey
89%
1980-81 Québec Nordiques 109 Peter Šťastný
89%
1981-82 Québec Nordiques 139 Peter Šťastný
89%
1982-83 Québec Nordiques 124 Peter Šťastný
89%
1983-84 Québec Nordiques 119 Peter Šťastný
89%
1984-85 Québec Nordiques 100 Peter Šťastný
89%
1985-86 Québec Nordiques 122 Peter Šťastný
89%
1987-88 Québec Nordiques 111 Peter Šťastný
89%
2005-06 Pittsburgh Penguins 102 Sidney Crosby
89%
2008-09 Pittsburgh Penguind 103 Sidney Crosby
89%
2009-10 Pittsburgh Penguins 109 Sidney Crosby
89%
2018-19 Pittsburgh Penguins 100 Sidney Crosby
89%
1987-88 Detroit Red Wings 102 Steve Yzerman
89%
1988-89 Detroit Red Wings 155 Steve Yzerman
89%
1989-90 Detroit Red Wings 127 Steve Yzerman
89%
1990-91 Detroit Red Wings 108 Steve Yzerman
89%
1991-92 Detroit Red Wings 103 Steve Yzerman
89%
1992-93 Detroit Red Wings 137 Steve Yzerman
89%
1992-93 Winnipeg Jets 132 Teemu Selänne
89%
1995-96 Winnipeg Jets 108 Teemu Selänne
89%
1996-97 Mighty Ducks of Anaheim 109 Teemu Selänne
89%
1998-99 Mighty Ducks of Anaheim 107 Teemu Selänne
89%
2021-22 Toronto Maple Leafs 106 Auston Matthews
78%
2023-24 Toronto Maple Leafs 107 Auston Matthews
78%
2024-25 Toronto Maple Leafs 102 Auston Matthews
78%
2002-03 Colorado Avalanche 106 Peter Forsberg
78%
2018-19 Boston Bruins 100 Brad Marchand
78%
2017-18 Philadelphia Flyers 102 Claude Giroux
78%
1981-82 Winnipeg Jets 103 Dale Hawerchuk
78%
1983-84 Winnipeg Jets 102 Dale Hawerchuk
78%
1984-85 Winnipeg Jets 130 Dale Hawerchuk
78%
1985-86 Winnipeg Jets 105 Dale Hawerchuk
78%
1986-87 Winnipeg Jets 100 Dale Hawerchuk
78%
1987-88 Winnipeg Jets 121 Dale Hawerchuk
78%
1978-79 New York Islanders 101 Denis Potvin
78%
1986-87 St. Louis Blues 105 Doug Gilmour
78%
1992-93 Toronto Maple Leafs 127 Doug Gilmour
78%
1993-94 Toronto Maple Leafs 111 Doug Gilmour
78%
2022-23 Vancouver Canucks 102 Elias Pettersson
78%
1995-96 Philadelphia Flyers 115 Eric Lindros
78%
1981-82 Edmonton Oilers 105 Glenn Anderson
78%
1982-83 Edmonton Oilers 104 Glenn Anderson
78%
1985-86 Edmonton Oilers 102 Glenn Anderson
78%
1982-83 Edmonton Oilers 104 Jari Kurri
78%
1983-84 Edmonton Oilers 113 Jari Kurri
78%
1984-85 Edmonton Oilers 135 Jari Kurri
78%
1985-86 Edmonton Oilers 131 Jari Kurri
78%
1986-87 Edmonton Oilers 108 Jari Kurri
78%
1988-89 Edmonton Oilers 102 Jari Kurri
78%
1971-72 New York Rangers 109 Jean Ratelle
78%
1975-76 Boston Bruins 105 Jean Ratelle
78%
2025-26 San Jose Sharks 115 Macklin Celebrini
78%
1990-91 Pittsburgh Penguins 113 Mark Recchi
78%
1992-93 Philadelphia Flyers 123 Mark Recchi
78%
1993-94 Philadelphia Flyers 107 Mark Recchi
78%
2025-26 Winnipeg Jets 103 Mark Scheifele
78%
2006-07 Tampa Bay Lightning 102 Martin St. Louis
78%
1982-83 Québec Nordiques 105 Michel Goulet
78%
1983-84 Québec Nordiques 122 Michel Goulet
78%
1985-86 Québec Nordiques 104 Michel Goulet
78%
1987-88 Québec Nordiques 106 Michel Goulet
78%
1978-79 New York Islanders 126 Mike Bossy
78%
1980-81 New York Islanders 119 Mike Bossy
78%
1981-82 New York Islanders 147 Mike Bossy
78%
1982-83 New York Islanders 118 Mike Bossy
78%
1983-84 New York Islanders 118 Mike Bossy
78%
1984-85 New York Islanders 117 Mike Bossy
78%
1985-86 New York Islanders 123 Mike Bossy
78%
2022-23 Colorado Avalanche 111 Nathan MacKinnon
78%
2023-24 Colorado Avalanche 140 Nathan MacKinnon
78%
2024-25 Colorado Avalanche 116 Nathan MacKinnon
78%
2025-26 Colorado Avalanche 127 Nathan MacKinnon
78%
2025-26 Montréal Canadiens 101 Nick Suzuki
78%
1995-96 Colorado Avalanche 116 Peter Forsberg
78%
1989-90 Hartford Whalers 101 Ron Francis
78%
1992-93 Carolina Hurricanes 100 Ron Francis
78%
1995-96 Pittsburgh Penguins 119 Ron Francis
78%
2021-22 Tampa Bay Lightning 106 Steven Stamkos
78%
1989-90 St. Louis Blues 102 Adam Oates
67%
1990-91 St. Louis Blues 115 Adam Oates
67%
1992-93 Boston Bruins 142 Adam Oates
67%
1993-94 Boston Bruins 112 Adam Oates
67%
1990-91 Calgary Flames 103 Al MacInnis
67%
2023-24 New York Rangers 120 Artemi Panarin
67%
1984-85 Los Angeles Kings 100 Bernie Nicholls
67%
1988-89 Los Angeles Kings 150 Bernie Nicholls
67%
1989-90 Los Angeles Kings 112 Bernie Nicholls
67%
1975-76 Philadelphia Flyers 112 Bill Barber
67%
2005-06 Ottawa Senators 103 Dany Heatley
67%
2006-07 Ottawa Senators 105 Dany Heatley
67%
1980-81 Los Angeles Kings 112 Dave Taylor
67%
1981-82 Los Angeles Kings 106 Dave Taylor
67%
1981-82 Chicago Blackhawks 119 Denis Savard
67%
1982-83 Chicago Blackhawks 121 Denis Savard
67%
1984-85 Chicago Blackhawks 105 Denis Savard
67%
1985-86 Chicago Blackhawks 116 Denis Savard
67%
1987-88 Chicago Blackhawks 131 Denis Savard
67%
2022-23 Dallas Stars 109 Jason Robertson
67%
1970-71 Boston Bruins 116 Johnny Bucyk
67%
2021-22 Calgary Flames 115 Johnny Gaudreau
67%
1989-90 New York Islanders 105 Pat LaFontaine
67%
1992-93 Buffalo Sabres 148 Pat LaFontaine
67%
1992-93 Vancouver Canucks 110 Pavel Bure
67%
1993-94 Vancouver Canucks 107 Pavel Bure
67%
1974-75 Buffalo Sabres 100 René Robert
67%
2022-23 Edmonton Oilers 104 Ryan Nugent-Hopkins
67%
1993-94 Detroit Red Wings 120 Sergei Fedorov
67%
1995-96 Detroit Red Wings 107 Sergei Fedorov
67%
1992-93 Buffalo Sabres 127 Alexander Mogilny
56%
1995-96 Vancouver Canucks 107 Alexander Mogilny
56%
1980-81 St. Louis Blues 104 Bernie Federko
56%
1983-84 St. Louis Blues 107 Bernie Federko
56%
1984-85 St. Louis Blues 103 Bernie Federko
56%
1985-86 St. Louis Blues 102 Bernie Federko
56%
1993-94 St. Louis Blues 102 Brendan Shanahan
56%
1991-92 New York Rangers 102 Brian Leetch
56%
1975-76 Toronto Maple Leafs 100 Darryl Sittler
56%
1977-78 Toronto Maple Leafs 117 Darryl Sittler
56%
1981-82 Minnesota North Stars 106 Dino Ciccarelli
56%
1986-87 Minnesota North Stars 103 Dino Ciccarelli
56%
2005-06 Carolina Hurricanes 100 Eric Staal
56%
1991-92 Chicago Blackhawks 103 Jeremy Roenick
56%
1992-93 Chicago Blackhawks 107 Jeremy Roenick
56%
1993-94 Chicago Blackhawks 107 Jeremy Roenick
56%
1988-89 Calgary Flames 110 Joe Mullen
56%
2021-22 Florida Panthers 115 Jonathan Huberdeau
56%
1970-71 Boston Bruins 105 Ken Hodge
56%
1973-74 Boston Bruins 105 Ken Hodge
56%
1991-92 Pittsburgh Penguins 123 Kevin Stevens
56%
1992-93 Pittsburgh Penguins 111 Kevin Stevens
56%
2021-22 Minnesota Wild 108 Kirill Kaprizov
56%
2006-07 Atlanta Thrashers 100 Marián Hossa
56%
2002-03 Vancouver Canucks 104 Markus Näslund
56%
1985-86 Montréal Canadiens 110 Mats Näslund
56%
1992-93 Québec Nordiques 114 Mats Sundin
56%
1984-85 Washington Capitals 102 Mike Gartner
56%
2022-23 Colorado Avalanche 105 Mikko Rantanen
56%
2023-24 Colorado Avalanche 104 Mikko Rantanen
56%
1995-96 Mighty Ducks of Anaheim 108 Paul Kariya
56%
1998-99 Mighty Ducks of Anaheim 101 Paul Kariya
56%
1990-91 Calgary Flames 104 Theo Fleury
56%
1992-93 Calgary Flames 100 Theo Fleury
56%
1982-83 Boston Bruins 107 Barry Pederson
44%
1983-84 Boston Bruins 116 Barry Pederson
44%
1981-82 Minnesota North Stars 114 Bobby Smith
44%
1984-85 New York Islanders 102 Brent Sutter
44%
1979-80 Los Angeles Kings 101 Charlie Simmer
44%
1980-81 Los Angeles Kings 105 Charlie Simmer
44%
2005-06 Ottawa Senators 103 Daniel Alfredsson
44%
2022-23 San Jose Sharks 101 Erik Karlsson
44%
1987-88 Calgary Flames 106 Håkan Loob
44%
1984-85 New York Islanders 100 John Tonelli
44%
2023-24 Vancouver Canucks 103 J.T. Miller
44%
1980-81 Calgary Flames 131 Kent Nilsson
44%
1982-83 Calgary Flames 104 Kent Nilsson
44%
2025-26 Colorado Avalanche 100 Martin Nečas
44%
1974-75 Montréal Canadiens 117 Pete Mahovlich
44%
1975-76 Montréal Canadiens 105 Pete Mahovlich
44%
1989-90 Buffalo Sabres 106 Pierre Turgeon
44%
1992-93 New York Islanders 132 Pierre Turgeon
44%
1988-89 Pittsburgh Penguins 115 Rob Brown
44%
1976-77 Montréal Canadiens 105 Steve Shutt
44%
2006-07 Tampa Bay Lightning 108 Vincent Lecavalier
44%
1981-82 Washington Capitals 136 Dennis Maruk
33%
1995-96 Edmonton Oilers 104 Doug Weight
33%
1980-81 Québec Nordiques 103 Jacques Richard
33%
1990-91 Pittsburgh Penguins 110 John Cullen
33%
1980-81 Boston Bruins 103 Rich Middleton
33%
1983-84 Boston Bruins 105 Rick Middleton
33%
1990-91 Chicago Blackhawks 101 Steve Larmer
33%
1979-80 Hartford Whalers 100 Blaine Stoughton
22%
1992-93 St. Louis Blues 106 Craig Janney
22%
1978-79 Atlanta Flames 107 Guy Chouinard
22%
1975-76 Pittsburgh Penguins 104 Jean Pronovost
22%
1987-88 Los Angeles Kings 107 Jimmy Carson
22%
1988-89 Edmonton Oilers 100 Jimmy Carson
22%
1984-85 Detroit Red Wings 105 John Ogrodnick
22%
1979-80 Hartford Whalers 105 Mike Rogers
22%
1980-81 Hartford Whalers 105 Mike Rogers
22%
1981-82 New York Rangers 103 Mike Rogers
22%
1985-86 Minnesota North Stars 105 Neal Broten
22%
1975-76 Pittsburgh Penguins 111 Pierre Larouche
22%
1972-73 Philadelphia Flyers 100 Rick MacLeish
22%
1992-93 Pittsburgh Penguins 109 Rick Tocchet
22%
1971-72 New York Rangers 106 Vic Hadfield
22%
1978-79 Atlanta Flames 108 Bob MacMillan
11%
1992-93 Boston Bruins 102 Joe Juneau
11%
1987-88 Calgary Flames 103 Mike Bullard
11%
1984-85 Winnipeg Jets 101 Paul MacLean
11%
No matching quizzes found
Score Distribution
Percent of People with Each Score
Percentile by Number Answered
Your Score History
You have not taken this quiz since the last reset